Introducción al cristianismo
Sparad:
| Huvudupphovsman: | |
|---|---|
| Materialtyp: | Bok |
| Språk: | spanska |
| Publicerad: |
Salamanca
Sígueme
1979
|
| Upplaga: | 4a. ed |
| Serie: | Pedal, 46
|
| Ämnen: | |
| Taggar: |
Lägg till en tagg
Inga taggar, Lägg till första taggen!
|
MARC
| LEADER | 00000nam a2200000 a 4500 | ||
|---|---|---|---|
| 001 | UCL1766 | ||
| 003 | CL-VaPUC | ||
| 008 | 030926e19790000SP |||||||||||||||||spa|d | ||
| 020 | |a 8430106715 | ||
| 082 | 0 | 4 | |a 230 |b RAT |2 21 |
| 100 | 0 | |a Ratzinger, Joseph |e author |9 478596 | |
| 245 | 1 | 0 | |a Introducción al cristianismo |
| 250 | |a 4a. ed | ||
| 300 | |a 327 p | ||
| 942 | |c BK | ||
| 945 | |d 20030926 00:00:00 |a vberengu | ||
| 260 | |a Salamanca |b Sígueme |c 1979 | ||
| 600 | 0 | |a Dios |9 314467 | |
| 600 | 0 | |a Jesús |9 313614 | |
| 650 | 0 | |a Cristianismo |9 257361 | |
| 650 | 0 | |a Fe |9 308036 | |
| 650 | 0 | |a Iglesia |9 255004 | |
| 583 | |a last modification |c 20030926 00:00:00 |k Rodrigo Vera | ||
| 490 | 0 | |a Pedal, 46 | |
| 999 | |c 305207 |d 305205 | ||
| 952 | |0 0 |1 0 |4 0 |6 230_000000000000000_RAT_1979 |7 0 |8 A |9 368314 |a BIBTEO |b BIBTEO |d 2019-11-21 |i 2078228 |o 230 RAT 1979 |p 2078228 |r 2025-01-17 |w 2019-11-21 |y BK |k ICR | ||